Využitie a základné trendy ovplyvňujúce rozvoj CRM diplomová práca

Salvato in:
Dettagli Bibliografici
Autore principale: Prílepok, Dušan
Ente Autore: Fakulta hospodárskej informatiky EU. Katedra aplikovanej informatiky
Altri autori: Szivósová, Mária, 1958-
Natura: Libro
Lingua:slovacco
Pubblicazione: Bratislava 2011
Tags: Aggiungi Tag
Nessun Tag, puoi essere il primo ad aggiungerne!!

MARC

LEADER 00000nbm a2200000 4500
001 0140872
005 20161109101956.3
041 0 |a slo 
044 |a SK 
245 1 0 |a Využitie a základné trendy ovplyvňujúce rozvoj CRM  |b diplomová práca  |c Dušan Prílepok ; školiteľ: Mária Szivósová 
264 1 |a Bratislava  |c 2011 
300 |a 57 s. 
100 1 |a Prílepok, Dušan 
700 1 |a Szivósová, Mária, 1958- 
710 2 |a Fakulta hospodárskej informatiky EU. Katedra aplikovanej informatiky